| 000 | 01400nam a22003494a 4500 | ||
|---|---|---|---|
| 001 | ebr10001656 | ||
| 003 | CaPaEBR | ||
| 006 | m u | ||
| 007 | cr cn||||||||| | ||
| 008 | 010108s2001 cau sb 001 0 eng | ||
| 010 | _z 2001000033 | ||
| 020 | _z0787953946 (alk. paper) | ||
| 040 |
_aCaPaEBR _cCaPaEBR |
||
| 035 | _a(OCoLC)70733424 | ||
| 050 | 1 | 4 |
_aHF5549.5.I6 _bC354 2001eb |
| 082 | 0 | 4 |
_a658.3/1124 _221 |
| 100 | 1 | _aCamp, Richaurd R. | |
| 245 | 1 | 0 |
_aStrategic interviewing _h[electronic resource] : _bhow to hire good people / _cRichaurd Camp, Mary E. Vielhaber, Jack L. Simonetti. |
| 250 | _a1st ed. | ||
| 260 |
_aSan Francisco : _bJossey-Bass, _cc2001. |
||
| 300 | _axvi, 181 p. | ||
| 490 | 1 | _aUniversity of Michigan Business School management series | |
| 504 | _aIncludes bibliographical references and index. | ||
| 533 |
_aElectronic reproduction. _bPalo Alto, Calif. : _cebrary, _d2013. _nAvailable via World Wide Web. _nAccess may be limited to ebrary affiliated libraries. |
||
| 650 | 0 | _aEmployment interviewing. | |
| 655 | 7 |
_aElectronic books. _2local |
|
| 700 | 1 |
_aVielhaber, Mary E., _d1953- |
|
| 700 | 1 | _aSimonetti, Jack L. | |
| 710 | 2 | _aebrary, Inc. | |
| 830 | 0 | _aUniversity of Michigan Business School management series. | |
| 856 | 4 | 0 |
_uhttp://site.ebrary.com/lib/rucke/Doc?id=10001656 _zAn electronic book accessible through the World Wide Web; click to view |
| 999 |
_c4682 _d4682 |
||